000 00427nam a22001697a 4500
003 NUST - PNEC
005 20170116180924.0
008 150905b xxu||||| |||| 00| 0 eng d
020 _a-
040 _cLIBRARY
082 _a621.3 BOU
100 _97916
_aBourne, R.
245 _aNational certificate electrical engineering
_cR. Bourne
260 _ac.1957
650 _97920
_aElectrical engineering
_xEE
942 _2ddc
_cBK
999 _c65704
_d65704